Luces en el arte del siglo XVIII : (Registro nro. 23811)

Detalles MARC
000 -Cabecera
Campo de control interno 00590nam a2200181Ia 4500
005 - Fecha y hora del registro
control field 20260414151002.0
008 - Elementos de Longitud Fija
fixed length control field 260414t2014||||xx |||||||||||||| ||spa||
041 ## - Idioma
Codigo Idioma ESP
082 ## - DEWEY y NOTACIÓN INTERNA
Dewey 709.85033
Notación Interna B25
100 ## - AUTOR
Autor denominación Barriga Tello, Martha
Término de relación autor
245 #0 - TÍTULO DE MATERIAL BIBLIOGRÁFICO
Título Luces en el arte del siglo XVIII :
Título paralelo júbilos de Lima en la dedicación de su santa iglesia cathedral, instaurada (en gran parte) de la ruina, que padeció con el terremoto de el año 1746
260 ## - CIUDAD, EDITORIAL, AÑO
Año 2014
300 ## - DESCRIPCIÓN
N° Páginas 270 páginas :
Dimensiones 23 cm.
650 ## - TEMAS
Temas Las Artes
654 ## - PROGRAMAS
Programa Dpto. Arquitectura y Urbanismo
942 ## - ELEMENTOS DE KOHA
Tipo de documento Libro
Nombre del creador Justo Noguera
Código de catalogador Justo Noguera
Esquema de clasificación Dewey Decimal Classification
Suppress in OPAC
Existencias
Codigo completo Registro Colección Copia número Disponibilidad Tipo de préstamo Biblioteca Actual Procedencia (Biblioteca) Ubicacón Fecha Ingreso Tipo de Adquisición Date last seen Total checkouts Price effective from Tipo de Item Estado del Material Damaged status Withdrawn status
709.85033 B25 1037444 Universidad Católica San Pablo 1 Disponible Disponible Víctor Andrés Belaunde Víctor Andrés Belaunde Segundo piso 14/04/2026 Compra 14/04/2026   14/04/2026 Libro Bueno